Statistics for European Countries by Borders in 30 Seconds

Click here to take the quiz!

General Stats

  • This quiz has been taken 11,325 times
    (3,906 since last reset)
  • The average score is 41 of 45

Answers on the Map

Answers color-coded by a green-red scale on the quiz's map according to % correct below.
Loading ...
 

Answer Stats

Country% Correct
Spain
99%
Switzerland
99%
France
99%
Germany
99%
Poland
98%
Italy
98%
Austria
97%
Belgium
97%
Russia
97%
Ukraine
97%
Finland
97%
Norway
97%
Belarus
96%
United
Kingdom
96%
Luxembourg
96%
Ireland
96%
Hungary
95%
Czech
Republic
94%
Slovenia
94%
Lithuania
94%
Sweden
93%
Latvia
93%
Serbia
93%
Bulgaria
93%
Romania
93%
Estonia
92%
North
Macedonia
92%
Andorra
91%
Portugal
91%
Slovakia
89%
Albania
89%
Netherlands
89%
Greece
89%
Denmark
89%
Croatia
89%
Montenegro
87%
Bosnia and
Herzegovina
86%
Vatican City
83%
Moldova
82%
San Marino
82%
Kosovo
81%
Iceland
79%
Monaco
77%
Liechtenstein
63%
Malta
57%

Score Distribution

Percentile by Number Answered

Percent of People with Each Score

Your Score History

You have not taken this quiz since the last reset